LEADER 00818nam0-22003131i-450- 001 990002011340403321 005 20040617162654.0 035 $a000201134 035 $aFED01000201134 035 $a(Aleph)000201134FED01 035 $a000201134 100 $a20030910d1963----km-y0itay50------ba 101 0 $afre 102 $aFR 105 $ay---a---001yy 200 1 $a<>venin des araignees$fJ. Vellard 210 $aParis$cMasson et Cie$d1963 215 $a311 p.$d25 cm 225 1 $aMonographies de l'Institut Pasteur 610 0 $aAracnidi 676 $a595.44 700 1$aVellard,$bJ.$085123 801 0$aIT$bUNINA$gRICA$2UNIMARC 901 $aBK 912 $a990002011340403321 952 $a61 III C.9/29$b1248$fDAGEN 959 $aDAGEN 996 $aVenin des araignees$9402349 997 $aUNINA LEADER 00990nam--2200349---450 001 990005862560203316 005 20201119111139.0 010 $a978-88-430-6761-9 035 $a000586256 035 $aUSA01000586256 035 $a(ALEPH)000586256USA01 035 $a000586256 100 $a20130625d2013----km-y0itay50------ba 101 0 $aita 102 $aIT 105 $aa|||||||001yy 200 1 $a<> germani$egenesi di una cultura europea$fMarco Battaglia 210 $aRoma$cCarocci$d2013 215 $a399 p.$cill.$d24 cm 225 2 $aManuali universitari$v139 410 0$aManuali universitari$v139 606 0 $aPopoli germanici$xStoria$2BNCF 676 $a940.043 700 1$aBATTAGLIA,$bMarco$f<1960- >$0267735 801 0$aIT$bsalbc$gISBD 912 $a990005862560203316 951 $aX.1.B. 1507$b240915 G.$cX.1.$d00341600 951 $aX.1.B. 1507a$b10349 L.G.$cX.1.$d358748 959 $aBK 969 $aUMA 996 $aGermani$9261524 997 $aUNISA LEADER 04574nam 22009015 450 001 9910785797903321 005 20200918175944.0 010 $a1-283-58759-9 010 $a9786613900043 010 $a1-137-03106-9 024 7 $a10.1057/9781137031068 035 $a(CKB)2670000000238069 035 $a(EBL)1016565 035 $a(OCoLC)809799209 035 $a(SSID)ssj0000713511 035 $a(PQKBManifestationID)11423106 035 $a(PQKBTitleCode)TC0000713511 035 $a(PQKBWorkID)10658979 035 $a(PQKB)11335870 035 $a(DE-He213)978-1-137-03106-8 035 $a(MiAaPQ)EBC1016565 035 $a(PPN)227910257 035 $a(EXLCZ)992670000000238069 100 $a20151125d2012 u| 0 101 0 $aeng 135 $aur|n|---||||| 181 $ctxt 182 $cc 183 $acr 200 10$aInstitutionalizing Intersectionality$b[electronic resource] $eThe Changing Nature of European Equality Regimes /$fedited by A. Krizsan, H. Skjeie, J. Squires 205 $a1st ed. 2012. 210 1$aLondon :$cPalgrave Macmillan UK :$cImprint: Palgrave Macmillan,$d2012. 215 $a1 online resource (255 p.) 225 1 $aGender and Politics,$x2662-5814 300 $aDescription based upon print version of record. 311 $a1-349-33264-X 311 $a0-230-29295-X 320 $aIncludes bibliographical references and index. 327 $aCover; Contents; List of Tables; Notes on Contributors; 1 Institutionalizing Intersectionality: A Theoretical Framework; 2 The European Union: Initiator of a New European Anti-Discrimination Regime?; 3 Institutionalizing Intersectionality in the Nordic Countries: Anti-Discrimination and Equality in Denmark, Finland, Norway, and Sweden; 4 Institutionalizing Intersectionality in the 'Big Three': The Changing Equality Framework in France, Germany, and Britain; 5 Institutionalizing Intersectionality in the Low Countries: Belgium and The Netherlands 327 $a6 Institutionalizing Intersectionality in Southern Europe: Italy, Spain, and Portugal7 Institutionalizing Intersectionality in Central and Eastern Europe: Hungary, Poland, Romania, and Slovenia; 8 European Equality Regimes: Institutional Change and Political Intersectionality; Index 330 $aAn exploration of the ways that multiple inequalities are being addressed in Europe. Using country-based and region-specific case studies it provides an innovative comparative analysis of the multidimensional equality regimes that are emerging in Europe, and reveals the potential that these have for institutionalizing intersectionality. 410 0$aGender and Politics,$x2662-5814 606 $aPolitical sociology 606 $aPolitical theory 606 $aPolitical philosophy 606 $aEurope?Politics and government 606 $aPolitical science 606 $aSocial justice 606 $aHuman rights 606 $aPolitical Sociology$3https://scigraph.springernature.com/ontologies/product-market-codes/X22170 606 $aPolitical Theory$3https://scigraph.springernature.com/ontologies/product-market-codes/911010 606 $aPolitical Philosophy$3https://scigraph.springernature.com/ontologies/product-market-codes/E37000 606 $aEuropean Politics$3https://scigraph.springernature.com/ontologies/product-market-codes/911130 606 $aPolitical Science$3https://scigraph.springernature.com/ontologies/product-market-codes/911000 606 $aSocial Justice, Equality and Human Rights$3https://scigraph.springernature.com/ontologies/product-market-codes/X33070 615 0$aPolitical sociology. 615 0$aPolitical theory. 615 0$aPolitical philosophy. 615 0$aEurope?Politics and government. 615 0$aPolitical science. 615 0$aSocial justice. 615 0$aHuman rights. 615 14$aPolitical Sociology. 615 24$aPolitical Theory. 615 24$aPolitical Philosophy. 615 24$aEuropean Politics. 615 24$aPolitical Science. 615 24$aSocial Justice, Equality and Human Rights. 676 $a305.42094 676 $a323.34094 686 $aLAW043000$aPOL009000$aPOL010000$aSOC032000$2bisacsh 702 $aKrizsan$b A$4edt$4http://id.loc.gov/vocabulary/relators/edt 702 $aSkjeie$b H$4edt$4http://id.loc.gov/vocabulary/relators/edt 702 $aSquires$b J$4edt$4http://id.loc.gov/vocabulary/relators/edt 906 $aBOOK 912 $a9910785797903321 996 $aInstitutionalizing Intersectionality$93736937 997 $aUNINA